[Event "Robecchetto op-A 18th"]
[Site "Robecchetto"]
[Date "2007.12.29"]
[Round "4"]
[White "Stella, Andrea"]
[Black "Marinescu, Marian"]
[Result "1-0"]
[WhiteElo "2123"]
[BlackElo "2129"]
[PlyCount "67"]
[EventDate "2007.12.27"]
[EventType "swiss"]
[EventRounds "6"]
[EventCountry "ITA"]
[SourceTitle "EXT 2011"]
[Source "ChessBase"]
[SourceDate "2010.11.26"]
[SourceVersion "1"]
[SourceVersionDate "2010.11.26"]
[SourceQuality "1"]

1. d4 Nf6 2. c4 g6 3. Nc3 Bg7 4. e4 d6 5. Be2 0-0 6. Nf3 e5 7. 0-0 Nc6 8. d5 Ne7 9. b4 Ne8 10. a4 a5 11. Ba3 h6 12. bxa5 Rxa5 13. Bb4 Ra8 14. c5 f5 15. Nd2 Kh8 16. f3 Ng8 17. Nc4 Rf6 18. cxd6 cxd6 19. Nb5 Bf8 20. f4 Bg7 21. exf5 Bxf5 22. fxe5 dxe5 23. Bc3 Rf8 24. Bxe5 Rc8 25. Qd4 Qe7 26. d6 Qe6 27. d7 Rxc4 28. Bxg7+ Nxg7 29. Bxc4 Qf6 30. Bxg8 Qxd4+ 31. Nxd4 Kxg8 32. Nxf5 gxf5 33. Rab1 Rb8 34. Rxb7 1-0

[Event "Cannes op-B 18th"]
[Site "Cannes"]
[Date "1997.??.??"]
[Round "8"]
[White "Kummle, Thomas"]
[Black "Marinescu, Marian"]
[Result "0-1"]
[WhiteElo "2220"]
[BlackElo "2115"]
[PlyCount "76"]
[EventDate "1997.02.22"]
[EventType "swiss"]
[EventRounds "9"]
[EventCountry "FRA"]
[SourceTitle "CBM 057 Extra"]
[Source "ChessBase"]
[SourceDate "1997.05.01"]
[SourceVersion "1"]
[SourceVersionDate "1997.05.01"]
[SourceQuality "1"]

1. e4 e6 2. d4 d5 3. e5 c5 4. c3 Qb6 5. Nf3 Bd7 6. a3 Bb5 7. c4 Bxc4 8. Bxc4 dxc4 9. d5 Ne7 10. d6 Ng6 11. Nbd2 Qa6 12. 0-0 Nd7 13. Qe2 c3 14. Qxa6 bxa6 15. Nc4 f6 16. exf6 gxf6 17. Re1 Kf7 18. h4 h5 19. bxc3 Nb6 20. Nfd2 Nxh4 21. Rb1 Rb8 22. Ne4 Rg8 23. Kh1 Nf5 24. Bf4 Bh6 25. Bxh6 Nxc4 26. Rxb8 Rxb8 27. Bf4 e5 28. Bh2 Nfxd6 29. Nxc5 Rb5 30. Nxa6 Ra5 31. Nb4 Rxa3 32. f4 e4 33. f5 Nxf5 34. Bc7 Nce3 35. Bf4 Rxc3 36. Ra1 a5 37. Rxa5 Rc1+ 38. Kh2 Ng4+ 0-1

[Event "Celle Ligure op"]
[Site "Celle Ligure"]
[Date "1996.??.??"]
[Round "2"]
[White "Cirabisi, Federico"]
[Black "Marinescu, Marian"]
[Result "0-1"]
[WhiteElo "2205"]
[BlackElo "2140"]
[PlyCount "64"]
[EventDate "1996.??.??"]
[EventType "swiss"]
[EventRounds "9"]
[EventCountry "ITA"]
[SourceTitle "EXT 1999"]
[Source "ChessBase"]
[SourceDate "1998.11.16"]
[SourceVersion "1"]
[SourceVersionDate "1998.11.16"]
[SourceQuality "1"]

1. d4 Nf6 2. Nf3 g6 3. Bg5 Bg7 4. Nbd2 d5 5. e3 0-0 6. Bd3 c5 7. c3 Nc6 8. h3 Nd7 9. 0-0 Qe8 10. e4 dxe4 11. Bxe4 cxd4 12. Bxc6 bxc6 13. Nxd4 Nc5 14. Re1 e5 15. Qf3 Ne6 16. Nxe6 Bxe6 17. Ne4 f5 18. Nc5 Bd5 19. Qe2 Qf7 20. b3 h6 21. Bc1 Qe7 22. Ba3 Qg5 23. f3 e4 24. fxe4 Rae8 25. exd5 Rxe2 26. Rxe2 Bxc3 27. Rd1 Qh5 28. Kf1 f4 29. Rd3 f3 30. Re7 fxg2+ 31. Kxg2 Qg5+ 32. Kh1 Rf1+ 0-1

[Event "Imperia op 38th"]
[Site "Imperia"]
[Date "1996.??.??"]
[Round "9"]
[White "Marinescu, Marian"]
[Black "Malano, Francesco"]
[Result "1-0"]
[WhiteElo "2130"]
[BlackElo "2080"]
[PlyCount "159"]
[EventDate "1996.??.??"]
[EventType "swiss"]
[EventRounds "9"]
[EventCountry "ITA"]
[SourceTitle "EXT 1999"]
[Source "ChessBase"]
[SourceDate "1998.11.16"]
[SourceVersion "1"]
[SourceVersionDate "1998.11.16"]
[SourceQuality "1"]

1. d4 Nf6 2. Nf3 e6 3. Bg5 h6 4. Bxf6 Qxf6 5. e4 d6 6. Bd3 e5 7. c3 Bg4 8. Qb3 b6 9. Nbd2 Be7 10. dxe5 dxe5 11. Qd5 c6 12. Qxe5 0-0 13. 0-0 Nd7 14. Qg3 Bxf3 15. Nxf3 Bd6 16. Qg4 Rad8 17. Rad1 Rfe8 18. Bc2 g6 19. Nd4 Ne5 20. Qh3 c5 21. Nb5 Bf8 22. Nc7 Rxd1 23. Bxd1 Rd8 24. Nd5 Qe6 25. Qe3 Nc4 26. Qe2 Nd6 27. Bb3 Bg7 28. f3 Qe5 29. Re1 Re8 30. Ba4 Rd8 31. Bc6 Nc8 32. f4 Qd6 33. Ba4 Ne7 34. Bb3 Nxd5 35. Bxd5 Rd7 36. g3 Kh7 37. Rd1 Qe7 38. Kg2 h5 39. e5 Qd8 40. Bf3 Rxd1 41. Qxd1 Qxd1 42. Bxd1 f5 43. Be2 Bf8 44. Kf3 Kg7 45. Bc4 Be7 46. h3 Kh6 47. a4 Bd8 48. Be6 h4 49. g4 fxg4+ 50. hxg4 g5 51. Bd5 gxf4 52. Kxf4 Kg6 53. Be4+ Kf7 54. Kf5 h3 55. Bd5+ Kf8 56. g5 h2 57. c4 Kg7 58. b3 Be7 59. Ke6 Bxg5 60. Kd7 Kf8 61. e6 Bf6 62. Kc6 Bd8 63. Kb7 a5 64. Kc8 Ke8 65. Bh1 Ke7 66. Bc6 Kd6 67. Kxd8 Kxc6 68. e7 h1Q 69. e8Q+ Kb7 70. Qd7+ Ka6 71. Qc8+ Qb7 72. Qxb7+ Kxb7 73. Kd7 Ka6 74. Kc6 Ka7 75. Kc7 Ka6 76. Kb8 b5 77. axb5+ Kb6 78. Kc8 a4 79. bxa4 Ka5 80. Kc7 1-0

[Event "Celle Ligure op"]
[Site "Celle Ligure"]
[Date "1996.??.??"]
[Round "3"]
[White "Sbarra, Marco"]
[Black "Marinescu, Marian"]
[Result "1-0"]
[WhiteElo "2280"]
[BlackElo "2140"]
[PlyCount "97"]
[EventDate "1996.??.??"]
[EventType "swiss"]
[EventRounds "9"]
[EventCountry "ITA"]
[SourceTitle "EXT 1999"]
[Source "ChessBase"]
[SourceDate "1998.11.16"]
[SourceVersion "1"]
[SourceVersionDate "1998.11.16"]
[SourceQuality "1"]

1. d4 Nf6 2. c4 g6 3. Nc3 Bg7 4. e4 d6 5. Nf3 0-0 6. Be2 e5 7. d5 Na6 8. Bg5 Qe8 9. Nd2 h6 10. Be3 Nh7 11. a3 f5 12. f3 Nf6 13. b4 f4 14. Bf2 g5 15. c5 Bd7 16. c6 Bc8 17. cxb7 Bxb7 18. Nc4 Nb8 19. Na5 Bc8 20. Nb5 Na6 21. Nxa7 Rxa7 22. Bxa7 g4 23. Nc6 Bd7 24. Bxa6 Bxc6 25. dxc6 Qxc6 26. Be2 Qc3+ 27. Kf1 d5 28. Qc1 Qb3 29. Bc5 Rf7 30. a4 gxf3 31. gxf3 dxe4 32. Qc4 Qb2 33. Qa2 Qc3 34. Qa3 Qd2 35. Rd1 Qc2 36. Qc1 Qxa4 37. Rd8+ Kh7 38. fxe4 c6 39. Bc4 Rb7 40. Rg1 h5 41. Rg2 Rxb4 42. Bxb4 Qxb4 43. Be6 Qb5+ 44. Ke1 Qb4+ 45. Kf1 Qb5+ 46. Qc4 Qb1+ 47. Ke2 Qb2+ 48. Kf3 Qa3+ 49. Qd3 1-0

[Event "Ceriano Laghetto op 4th"]
[Site "Ceriano Laghetto"]
[Date "1995.02.??"]
[Round "1"]
[White "Agostani, Andrea"]
[Black "Marinescu, Marian"]
[Result "1/2-1/2"]
[WhiteElo "1954"]
[BlackElo "1944"]
[PlyCount "27"]
[EventDate "1995.02.01"]
[EventType "swiss"]
[EventRounds "8"]
[EventCountry "ITA"]
[SourceTitle "EXT 2023"]
[Source "ChessBase"]
[SourceDate "2022.10.05"]
[SourceVersion "1"]
[SourceVersionDate "2022.10.05"]
[SourceQuality "1"]

1. d4 d5 2. Nf3 Nf6 3. c4 c6 4. cxd5 cxd5 5. Nc3 Nc6 6. Bf4 Qa5 7. Qa4 Qxa4 8. Nxa4 e6 9. Nc3 Bb4 10. e3 Ne4 11. Rc1 0-0 12. Bb5 Bd7 13. 0-0 Nxc3 14. bxc3 1/2-1/2